Inside baluchistan : (Record no. 15885)
[ view plain ]
| 000 -LEADER | |
|---|---|
| fixed length control field | 00650nam a2200169 a 4500 |
| 001 - CONTROL NUMBER | |
| control field | ASINB007HG9XJE |
| 005 - DATE AND TIME OF LATEST TRANSACTION | |
| control field | 20170105102927.0 |
| 008 - FIXED-LENGTH DATA ELEMENTS--GENERAL INFORMATION | |
| fixed length control field | 131212s2009 xxu eng d |
| 040 ## - CATALOGING SOURCE | |
| Original cataloging agency | 0 |
| 082 ## - DEWEY DECIMAL CLASSIFICATION NUMBER | |
| Classification number | 954.9150350924 |
| Author Mark | KHA 2009 |
| 100 1# - MAIN ENTRY--PERSONAL NAME | |
| Personal name | Khan, Ahmad Yar. |
| 245 10 - TITLE STATEMENT | |
| Title | Inside baluchistan : |
| Remainder of title | a political autobiography of his highness baiglar baigi, khan-e-azam-xiii mir ahmad yar khan baluch, khan-e-baluch, ex-ruler of kalat state. / |
| Statement of responsibility, etc. | Ahmad Yar Khan. |
| 260 ## - PUBLICATION, DISTRIBUTION, ETC. | |
| Place of publication, distribution, etc. | [S.l.] : |
| Name of publisher, distributor, etc. | Royal Book Co., |
| Date of publication, distribution, etc. | 2009. |
| 300 ## - PHYSICAL DESCRIPTION | |
| Extent | 1 v. (unpaged) |
| 856 40 - ELECTRONIC LOCATION AND ACCESS | |
| Materials specified | Amazon.com |
| Uniform Resource Identifier | <a href="http://www.amazon.com/exec/obidos/ASIN/B007HG9XJE/chopaconline-20">http://www.amazon.com/exec/obidos/ASIN/B007HG9XJE/chopaconline-20</a> |
| 942 ## - ADDED ENTRY ELEMENTS (KOHA) | |
| Source of classification or shelving scheme | |
| Koha item type | Book |
| Withdrawn status | Lost status | Damaged status | Not for loan | Collection code | Permanent Location | Current Location | Shelving location | Date acquired | Total Checkouts | Full call number | Barcode | Date last seen | Price effective from | Koha item type |
|---|---|---|---|---|---|---|---|---|---|---|---|---|---|---|
| Centre for International Peace & Stability (CIPS) | Centre for International Peace & Stability (CIPS) | General Stacks | 08/02/2013 | 954.9150350924 KHA 2009 | CIPS0000794 | 12/12/2013 | 12/12/2013 | Book |
